000 00376nam a2200169Ia 4500
001 5323
003 IN-NITTTR
005 20251114233008.0
008 251113s9999||||xx |||||||||||||| ||eng||
040 _beng
040 _cIN-NITTTR
041 _aeng
082 _a922.948 M927S
100 _aMonastic, Lay
245 0 _aSwami Shivananda. /
_cMonastic, Lay
942 _2ddc
_cBK
999 _c7959
_d7959